000 00345 a2200157 4500
001 61154
020 _a9783468474255
040 _cAnchieta - Pituba
100 _aRusch, Paul
240 1 0 _aLogisch!
_lpor
245 1 0 _aLogisch!
300 _a63
362 0 _a2010
650 4 _aLínguas germânicas (teutônicas) língua alemã
942 _cBK
999 _c61154
_d61154